| 000 | 00451nam a2200181Ia 4500 | ||
|---|---|---|---|
| 008 | 151202s9999||||xx |||||||||||||| ||und|| | ||
| 082 | _bPNVM-27391 | ||
| 100 | _aBATLIBOL J.R. | ||
| 245 | _aADVANCED ACCOUNTING. | ||
| 260 | _b"STANDARD ACCOUNTANCY, BOMBAY." | ||
| 260 | _c1970 | ||
| 300 | _a1188 | ||
| 600 | _aBATLIBOL J.R. | ||
| 630 | _aADVANCED ACCOUNTING. | ||
| 700 | _aBATLIBOL J.R. | ||
| 730 | _aADVANCED ACCOUNTING. | ||
| 942 | _cBOOK | ||
| 999 |
_c1293360 _d1293357 |
||